[Event "AUTO-ELITE-1242"]
[Site "http://www.queenalice.com/game.php?id=1269415"]
[Date "2014.3.31"]
[Round "2"]
[White "sisagido"]
[Black "sical"]
[Result "0-1"]
[WhiteElo "2309"]
[BlackElo "2452"]

1. e4 g6 2. d4 Bg7 3. c4 d6 4. Nc3 Nf6 5. Nf3 O-O 6. Bd3 c6 7. O-O e5 8. d5 cxd5
9. cxd5 Nfd7 10. Bg5 f6 11. Be3 Nb6 12. b3 N8d7 13. a4 f5 14. exf5 gxf5 15. Ng5
Nf6 0-1

[Event "AUTO-ELITE-1328"]
[Site "http://www.queenalice.com/game.php?id=1280777"]
[Date "2014.5.10"]
[Round "1"]
[White "kookaburra"]
[Black "sical"]
[Result "1/2-1/2"]
[WhiteElo "2220"]
[BlackElo "2452"]

1. e4 g6 2. d4 Bg7 3. Nf3 d6 4. Nc3 Nf6 5. Bg5 c6 6. Qd2 h6 7. Bh4 g5 8. Bg3 Nh5
9. Be2 g4 10. Nh4 Qa5 11. O-O-O b5 12. a3 Nxg3 13. hxg3 a6 14. Kb1 h5 15. f4
gxf3 16. gxf3 Ra7 17. Qg5 Bf6 18. Qe3 b4 19. axb4 Qxb4 20. e5 Rb7 21. b3 dxe5
22. dxe5 Bg7 23. Rd4 Qa5 24. Rhd1 Rd7 25. f4 Rxd4 26. Qxd4 c5 27. Qa4+ Qxa4 28.
Nxa4 Nd7 29. Nf5 Bf8 30. Ne3 h4 31. Rh1 Bb7 32. Rh2 e6 33. Rxh4 Rxh4 34. gxh4
Bh6 35. Nc4 Ke7 36. Nd6 Bc6 37. Bxa6 Bxf4 38. Nc4 Nxe5 39. Nxe5 Bxa4 40. bxa4
Bxe5 41. Be2 Bc3 42. Ka2 f5 43. Kb3 Bb4 44. Kc4 e5 45. c3 Ba5 46. Kb5 Bxc3 47.
a5 Bxa5 48. Kxa5 e4 49. Kb5 f4 50. Kxc5 f3 51. Bd1 Ke6 52. Kd4 Kf5 53. Ke3 Kg4
54. Kxe4 Kxh4 55. Bxf3 Kg3 1/2-1/2

[Event "AUTO-ELITE-1328"]
[Site "http://www.queenalice.com/game.php?id=1280778"]
[Date "2014.5.10"]
[Round "1"]
[White "sical"]
[Black "kookaburra"]
[Result "1/2-1/2"]
[WhiteElo "2457"]
[BlackElo "2231"]

1. e4 d5 2. exd5 Nf6 3. Bb5+ Bd7 4. Bc4 b5 5. Bb3 a5 6. Nf3 a4 7. c3 axb3 8.
Qxb3 c6 9. dxc6 Bxc6 10. Ne5 e6 11. Nxc6 Nxc6 12. Qxb5 Qc7 13. b4 Bd6 14. Na3
O-O 15. Qe2 e5 16. Nb5 Qe7 17. O-O Bb8 18. a4 e4 19. a5 Ne5 20. f3 Nd3 21. fxe4
Rd8 22. Nd4 Nxc1 23. Rfxc1 Ba7 24. e5 Rxd4 25. cxd4 Bxd4+ 26. Kh1 Bxa1 27. Rxa1
Nd5 28. b5 Qb4 29. e6 Rxa5 30. exf7+ Kxf7 31. Qh5+ Kf8 32. Qf5+ Ke8 33. Re1+ Ne7
34. Qc8+ Kf7 35. Qe6+ Ke8 36. Qc8+ Kf7 37. Qe6+ Ke8 38. Qc8+ 1/2-1/2

[Event "AUTO-ELITE-1428"]
[Site "http://www.queenalice.com/game.php?id=1331170"]
[Date "2014.12.27"]
[Round "1"]
[White "sical"]
[Black "Chuzete"]
[Result "0-1"]
[WhiteElo "2419"]
[BlackElo "2428"]

1. e4 c5 2. c3 d6 3. Nf3 Nf6 4. Be2 Bg4 5. h3 Bh5 6. O-O e6 7. d4 Nxe4 8. Re1 d5
9. Nbd2 Nf6 10. Ne5 Bxe2 11. Qxe2 Bd6 12. Qb5+ Nbd7 13. Qxb7 O-O 14. Nxd7 Qxd7
15. Qxd7 Nxd7 16. Nf3 c4 17. b3 Rfc8 18. b4 a5 19. b5 a4 20. a3 Rcb8 21. Rb1 Ra5
22. Ne5 Bxe5 23. dxe5 Rbxb5 24. Rxb5 Rxb5 25. Kh2 Rb3 26. Re3 Nc5 27. f4 Nd3 28.
Bd2 Rxa3 29. Kg3 Ra2 30. Re2 a3 31. Kf3 Rb2 0-1

[Event "AUTO-ELITE-1428"]
[Site "http://www.queenalice.com/game.php?id=1331171"]
[Date "2014.12.27"]
[Round "1"]
[White "Chuzete"]
[Black "sical"]
[Result "1-0"]
[WhiteElo "2452"]
[BlackElo "2436"]

1. e4 g6 2. d4 Bg7 3. Nc3 d6 4. Be3 Nf6 5. Qd2 Ng4 6. Bg5 h6 7. Bh4 Nc6 8. f3
Nf6 9. O-O-O a6 10. f4 Bg4 11. Be2 Qd7 12. d5 Na7 13. e5 dxe5 14. fxe5 Nh7 15.
e6 Qd6 16. exf7+ Kxf7 17. Bxg4 Nf6 18. Be6+ Kf8 19. Bg3 Qb6 20. Qd3 Nb5 21. Qxg6
Qe3+ 22. Rd2 1-0

[Event "AUTO-ELITE-1428"]
[Site "http://www.queenalice.com/game.php?id=1331172"]
[Date "2014.12.27"]
[Round "1"]
[White "sical"]
[Black "TigranPetrosian"]
[Result "0-1"]
[WhiteElo "2447"]
[BlackElo "2321"]

1. e4 e6 2. d4 d5 3. Nd2 Nf6 4. e5 Nfd7 5. f4 c5 6. c3 Nc6 7. Ngf3 cxd4 8. Nxd4
Bc5 9. N2f3 O-O 10. Be2 Qe7 11. b4 Bb6 12. a4 Nxd4 13. Nxd4 f6 14. Be3 fxe5 15.
a5 exd4 16. axb6 dxe3 17. bxa7 Rxf4 18. Qd3 Ne5 19. Qxe3 Re4 20. Qg3 Bd7 21. b5
Bxb5 22. Ra2 Qc5 23. Qh3 Nd3+ 24. Kd2 Rxe2+ 0-1

[Event "AUTO-ELITE-1428"]
[Site "http://www.queenalice.com/game.php?id=1331173"]
[Date "2014.12.27"]
[Round "1"]
[White "TigranPetrosian"]
[Black "sical"]
[Result "1-0"]
[WhiteElo "2392"]
[BlackElo "2428"]

1. c4 Nf6 2. Nc3 d6 3. g3 g6 4. Bg2 Bg7 5. Nf3 O-O 6. O-O e5 7. d3 Nc6 8. Rb1 h6
9. b4 a6 10. a4 Bg4 11. b5 axb5 12. axb5 Ne7 13. Nd2 Qc8 14. Re1 c6 15. Bb2 d5
16. Qb3 Bh3 17. Bh1 d4 18. Nce4 Nxe4 19. Nxe4 Kh8 20. Ba3 Qe6 21. Nc5 Qc8 22.
bxc6 bxc6 23. Na4 Re8 24. Bxe7 Rxe7 25. Nb6 Qd8 26. Nxa8 Qxa8 27. Qb8+ Qxb8 28.
Rxb8+ Kh7 29. Bxc6 f5 30. Bd5 e4 31. dxe4 fxe4 32. Bg8+ Kh8 33. Be6+ Kh7 34.
Bxh3 Rc7 35. Be6 Re7 36. Bd5 h5 37. c5 Re5 38. Rd8 Kh6 39. c6 e3 40. f4 Re7 41.
Rd7 Re8 42. c7 Bf6 43. Be4 Rc8 44. Rc1 g5 45. Rd6 Kg7 46. Bf5 1-0